00651nam a2200193Ia 4500008004100000020001500041082001400056100001900070245003600089250000700125260003900132300003000171500003400201600002000235650005000255942000700305952013000312999001500442240925s9999 xx 000 0 und d a9698015264 a025.3 RAI aRiaz, Muhammad 0aCataloguing Theory and Practice aNA aLahore:bNadeem Book Housec,1995. axviii,423p.bNAfOriginal aIncludes Bibliography & Index aSocial Sciences aComputer science, information & general works cBK 001040708SSaUITUbUITUd1995-04-18eRoyal Book Company g550.00l0o025.3 RAIpQ0274r2024-09-25 07:12:02w2024-09-25yBK c2773d2773